000 00608nam a2200205Ia 4500
003 GCL
008 140319s9999 xx 000 0 ara d
040 _aGCL /
_cGCL
082 0 4 _a194
_bت ب
100 1 _aثائرة شعبان
245 1 0 _aالبنيوية: الرمز , اللاشعور , التاريخ /
_cثائرة شعبان
300 _a60 ص
490 _aكراسات ثقافية
_v0
650 0 4 _aالفلسفة
650 0 4 _aالفلسفة العربية
650 0 4 _aالفلسفة الحديثة
650 0 4 _aالبنيوية
650 0 4 _aليفىشتراوس
942 _2ddc
_cBK
999 _c51615
_d51615